| 000 | 00829cam a2200253 a 4500 | ||
|---|---|---|---|
| 001 | 000005289 | ||
| 005 | 20200929151631.0 | ||
| 008 | 000629s2000 sp b 001 j spa | ||
| 020 | _a8437617820 | ||
| 040 |
_aDO-SdBNP _cDLC _dDLC |
||
| 082 |
_a863.64 _bF812c |
||
| 100 | 1 |
_aFraile, Medardo, _d1925- _915056 |
|
| 245 | 1 | 0 |
_aCuentos de verdad / _cMedardo Fraile ; edición, María del Pilar Palomo. |
| 260 |
_aMadrid : _bCátedra, _c2000. |
||
| 300 |
_a354 p. ; _c18 cm. |
||
| 490 | 1 |
_aLetras Hispánicas _v478 |
|
| 600 | 1 | 0 |
_aFRAILE, MEDARDO, _xCRÍTICA E INTERPRETACIÓN _915057 |
| 650 | 4 |
_aCuentos españoles _93194 |
|
| 650 | 4 |
_aLiteratura española _ySIGLO XX _93326 |
|
| 700 | 1 |
_aPalomo, María del Pilar, _eed. _915058 |
|
| 830 | 0 |
_aLetras hispánicas ; _v478 _94208 |
|
| 910 | _aCatalogación por copia / LC | ||
| 910 | _aWM | ||
| 999 |
_c5090 _d5090 |
||